Score 0/11 Timer 04:00
0 Plays Today
Country % Correct
Puerto Rico
73.6%
Hong Kong
65.5%
Guam
58.6%
Bermuda
57.5%
US Virgin Islands
57.5%
Palestine
56.3%
American Samoa
55.2%
Aruba
52.9%
British Virgin Islands
46%
Cayman Islands
43.7%
Cook Islands
34.5%
Remove Ads.
Support Sporcle.
Get the best of Sporcle when you Go Orange. This ad-free experience offers more features, more stats, and more fun while also helping to support Sporcle. Thank you for becoming a member.

You're not logged in!

Compare scores with friends on all Sporcle quizzes.
OR
Log In

Show Comments

Extras

Top Quizzes Today


Score Distribution

Your Account Isn't Verified!

In order to create a playlist on Sporcle, you need to verify the email address you used during registration. Go to your Sporcle Settings to finish the process.

Report this User

Report this user for behavior that violates our Community Guidelines.

Details: